000
00197 a2200097 4500
001
8767
100
_a
EPL
245
_a
The middle East & Africa
260
_a
_b
Europa Pub
_c
090
_c
7042
_d
7042
942
_a
NUST-CAE
_c
M
_c
33648
999
_c
243840
_d
243840